000
00278 a2200145 4500
001
161708
020
_a
040
_c
Magnum
100
_a
Lapate, Vagner
240
1
0
_a
Drogas
_l
por
245
1
0
_a
Drogas
362
0
_a
1899
697
_a
CIENCIAS MEDICAS SAUDE
942
_c
BK
999
_c
161708
_d
161708